Sports Quiz

Random Sports or Football Quiz

NFL Team by Category Quiz Stats

 Plays Quiz not verified by Sporcle

Score 0/32 Timer 05:00
0 Plays Today
Category Team % Correct
BirdsEagles
95%
BirdsFalcons
90%
BirdsSeahawks
88%
BirdsRavens
88%
BirdsCardinals
78%
Non-Human MammalsDolphins
78%
Non-Human MammalsJaguars
75%
Cultural GroupsVikings
75%
Non-Human MammalsColts
73%
Cultural GroupsRedskins
73%
Non-Human MammalsBengals
71%
Occupations/IndustryPackers
70%
Non-Human MammalsPanthers
68%
Cultural GroupsTexans
68%
Occupations/IndustrySteelers
68%
Non-Human MammalsBroncos
67%
Category Team % Correct
Occupations/IndustryBuccaneers
67%
Occupations/IndustryCowboys
67%
Occupations/Industry49ers
67%
Non-Human MammalsLions
66%
Occupations/IndustryChiefs
66%
Non-Human MammalsRams
64%
Non-Human MammalsBears
63%
Ideas or MythSaints
63%
Specific PeopleBrowns
62%
Specific PeopleBills
62%
Ideas or MythPatriots
61%
Ideas or MythTitans
61%
Ideas or MythGiants
61%
Ideas or MythChargers
60%
Occupations/IndustryJets
60%
Occupations/IndustryRaiders
53%

You're not logged in!

Compare scores with friends on all Sporcle quizzes.
OR
Log In

Show Comments

Extras

Top Quizzes Today


Score Distribution

Your Account Isn't Verified!

In order to create a playlist on Sporcle, you need to verify the email address you used during registration. Go to your Sporcle Settings to finish the process.

Report this User

Report this user for behavior that violates our Community Guidelines.

Details: